[Event "Oberliga Nord O 1415"]
[Site "Germany"]
[Date "2014.11.09"]
[Round "3.1"]
[White "Bartolomaeus, Christian"]
[Black "Neumeier, Lars"]
[Result "1/2-1/2"]
[WhiteElo "2270"]
[BlackElo "2320"]
[PlyCount "30"]
[EventDate "2014.09.21"]
[EventType "team-tourn"]
[EventRounds "9"]
[EventCountry "GER"]
[SourceTitle "EXT 2016"]
[Source "ChessBase"]
[SourceDate "2015.10.08"]
[SourceVersion "1"]
[SourceVersionDate "2015.10.08"]
[SourceQuality "1"]
[WhiteTeam "Greifswald"]
[BlackTeam "Berlin Rotation"]
[WhiteTeamCountry "GER"]
[BlackTeamCountry "GER"]

1. c4 Nf6 2. Nc3 g6 3. e4 d6 4. h3 Bg7 5. g4 e5 6. Bg2 h5 7. g5 Nh7 8. h4 Nc6 9. d3 Nd4 10. Be3 Nf8 11. Bxd4 exd4 12. Nce2 c5 13. Qd2 Rb8 14. a4 a6 15. f4 Bg4 1/2-1/2

[Event "Oberliga Nord O 1314"]
[Site "Germany"]
[Date "2014.01.19"]
[Round "5.5"]
[White "Neumeier, Lars"]
[Black "Niehaus, Frank"]
[Result "1/2-1/2"]
[WhiteElo "2316"]
[BlackElo "2211"]
[PlyCount "75"]
[EventDate "2013.10.13"]
[EventType "team-tourn"]
[EventRounds "9"]
[EventCountry "GER"]
[SourceTitle "EXT 2015"]
[Source "ChessBase"]
[SourceDate "2014.11.20"]
[SourceVersion "1"]
[SourceVersionDate "2014.11.20"]
[SourceQuality "1"]
[WhiteTeam "Pankow Rotation"]
[BlackTeam "Koenig Tegel II"]
[WhiteTeamCountry "GER"]
[BlackTeamCountry "GER"]

1. d4 Nf6 2. Nf3 g6 3. c4 Bg7 4. Nc3 d6 5. e4 0-0 6. Be2 e5 7. 0-0 Nc6 8. d5 Ne7 9. b4 Nh5 10. Re1 f5 11. Ng5 Nf6 12. Bf3 c6 13. Bb2 cxd5 14. cxd5 h6 15. Ne6 Bxe6 16. dxe6 fxe4 17. Nxe4 Nxe4 18. Rxe4 Nf5 19. Rg4 Qe7 20. Bd5 Kh7 21. Rc4 Rae8 22. Rac1 Qf6 23. Rc7 Re7 24. Qf3 Qg5 25. Qe2 Rxc7 26. Rxc7 b6 27. g3 Ne7 28. Bb3 Qf6 29. Rd7 d5 30. Bxe5 Qxe6 31. Bxg7 Qxe2 32. Bxf8 Qe1+ 33. Kg2 Qe4+ 34. Kf1 Qh1+ 35. Ke2 Qe4+ 36. Kf1 Qh1+ 37. Ke2 Qe4+ 38. Kf1 1/2-1/2

[Event "Oberliga Nord O 1314"]
[Site "Germany"]
[Date "2013.12.15"]
[Round "4.4"]
[White "Neumeier, Lars"]
[Black "Mueller, Nick"]
[Result "1/2-1/2"]
[WhiteElo "2316"]
[BlackElo "2101"]
[PlyCount "64"]
[EventDate "2013.10.13"]
[EventType "team-tourn"]
[EventRounds "9"]
[EventCountry "GER"]
[SourceTitle "EXT 2015"]
[Source "ChessBase"]
[SourceDate "2014.11.20"]
[SourceVersion "1"]
[SourceVersionDate "2014.11.20"]
[SourceQuality "1"]
[WhiteTeam "Pankow Rotation"]
[BlackTeam "Potsdam USV"]
[WhiteTeamCountry "GER"]
[BlackTeamCountry "GER"]

1. d4 f5 2. Nf3 Nf6 3. g3 g6 4. Bg2 Bg7 5. 0-0 d6 6. c4 0-0 7. Qb3 Kh8 8. Nc3 c6 9. Rd1 Na6 10. Qa3 Nc7 11. d5 c5 12. Qb3 Rb8 13. a4 b6 14. a5 Ba6 15. axb6 Rxb6 16. Qa2 Rb4 17. Nd2 Ng4 18. e3 Qd7 19. Ne2 Rfb8 20. b3 Bxa1 21. Qxa1+ Kg8 22. Qc3 Nf6 23. Bb2 Bxc4 24. Nxc4 Rxb3 25. Qc1 Qb5 26. Bxf6 Rb1 27. Qc2 exf6 28. Nxd6 Qb2 29. Qd3 Rb3 30. Qxb1 Qxb1 31. Rxb1 Rxb1+ 32. Bf1 Nxd5 1/2-1/2

[Event "Oberliga Nord O 1213"]
[Site "Germany"]
[Date "2013.02.24"]
[Round "7.4"]
[White "Neumeier, Lars"]
[Black "Thormann, Wolfgang"]
[Result "1-0"]
[WhiteElo "2317"]
[BlackElo "2264"]
[PlyCount "101"]
[EventDate "2012.10.17"]
[EventType "team-tourn"]
[EventRounds "9"]
[EventCountry "GER"]
[SourceTitle "EXT 2015"]
[Source "ChessBase"]
[SourceDate "2014.11.20"]
[SourceVersion "1"]
[SourceVersionDate "2014.11.20"]
[SourceQuality "1"]
[WhiteTeam "Pankow Rotation"]
[BlackTeam "Oberschoeneweide"]
[WhiteTeamCountry "GER"]
[BlackTeamCountry "GER"]

1. d4 e6 2. c4 Nf6 3. Nf3 b6 4. g3 Ba6 5. Qc2 c6 6. Bg2 Bb4+ 7. Nbd2 d5 8. cxd5 exd5 9. 0-0 0-0 10. Re1 Re8 11. e3 Bb7 12. a3 Bd6 13. e4 dxe4 14. Nxe4 Nxe4 15. Rxe4 Rxe4 16. Qxe4 Qe7 17. Qd3 h6 18. Bd2 Na6 19. Re1 Qd7 20. Qe2 Nc7 21. Ne5 Bxe5 22. dxe5 Ne6 23. Bc3 Rd8 24. f4 c5 25. Bxb7 Qxb7 26. f5 Nd4 27. Bxd4 cxd4 28. Qg4 Qd7 29. e6 fxe6 30. fxe6 Qe7 31. Rf1 Rf8 32. Rxf8+ Kxf8 33. Qf4+ Kg8 34. Qe4 Kf8 35. Qa8+ Qe8 36. Qd5 g6 37. Qd6+ Qe7 38. Qf4+ Kg8 39. Qe4 Qe8 40. Qe5 Qe7 41. b4 Qe8 42. Kf2 Qc6 43. Qb8+ Kg7 44. Qxa7+ Kf6 45. Qf7+ Ke5 46. Qxg6 Qd6 47. Ke2 Qc6 48. Qg7+ Ke4 49. Qg4+ Ke5 50. Qf4+ Kxe6 51. Qxh6+ 1-0

[Event "Oberliga Nord O 1213"]
[Site "Germany"]
[Date "2013.01.13"]
[Round "5.3"]
[White "Stubbe, Wilko"]
[Black "Neumeier, Lars"]
[Result "0-1"]
[WhiteElo "2187"]
[BlackElo "2317"]
[PlyCount "76"]
[EventDate "2012.10.17"]
[EventType "team-tourn"]
[EventRounds "9"]
[EventCountry "GER"]
[SourceTitle "EXT 2015"]
[Source "ChessBase"]
[SourceDate "2014.11.20"]
[SourceVersion "1"]
[SourceVersionDate "2014.11.20"]
[SourceQuality "1"]
[WhiteTeam "Greifswald"]
[BlackTeam "Pankow Rotation"]
[WhiteTeamCountry "GER"]
[BlackTeamCountry "GER"]

1. e4 d5 2. exd5 Qxd5 3. Nc3 Qa5 4. Bc4 c6 5. h3 Nf6 6. Nf3 Bf5 7. d3 e6 8. Bf4 Nbd7 9. 0-0 Be7 10. Nd4 0-0 11. a3 Bg6 12. b4 Qb6 13. Be3 Qc7 14. Qd2 Nd5 15. Nxd5 cxd5 16. Bb3 Nb6 17. a4 e5 18. Nb5 Qd8 19. a5 Nc8 20. f4 a6 21. Na3 exf4 22. Bxf4 Na7 23. Ba4 Nc6 24. Bxc6 bxc6 25. d4 Ra7 26. Rae1 Rb7 27. c3 Be4 28. Nc2 Bh4 29. Re2 f5 30. Ne1 g5 31. Be5 Bxe1 32. Rexe1 Rbf7 33. Rf2 f4 34. Qe2 Bxg2 35. Qxa6 Bxh3 36. Qxc6 g4 37. Qe6 Qh4 38. Qxd5 Qg3+ 0-1

[Event "Oberliga Nord O 1213"]
[Site "Germany"]
[Date "2012.11.26"]
[Round "3.4"]
[White "Neumeier, Lars"]
[Black "Schatz, Walter"]
[Result "1/2-1/2"]
[WhiteElo "2317"]
[BlackElo "2316"]
[PlyCount "124"]
[EventDate "2012.10.17"]
[EventType "team-tourn"]
[EventRounds "9"]
[EventCountry "GER"]
[SourceTitle "EXT 2015"]
[Source "ChessBase"]
[SourceDate "2014.11.20"]
[SourceVersion "1"]
[SourceVersionDate "2014.11.20"]
[SourceQuality "1"]
[WhiteTeam "Pankow Rotation"]
[BlackTeam "Neuruppin"]
[WhiteTeamCountry "GER"]
[BlackTeamCountry "GER"]

1. d4 Nf6 2. Nf3 g6 3. c4 Bg7 4. Nc3 0-0 5. e4 d6 6. Be2 Na6 7. 0-0 e5 8. d5 Nc5 9. Qc2 a5 10. Nd2 Ne8 11. Nb3 b6 12. Nxc5 bxc5 13. Bd2 f5 14. a3 Nf6 15. f3 Bd7 16. Nb5 a4 17. Rab1 f4 18. b4 axb3 19. Rxb3 h5 20. Ra1 g5 21. Be1 Ne8 22. Qd1 Rf6 23. a4 Rg6 24. a5 Ra6 25. Ra2 g4 26. Bf1 Bf6 27. fxg4 hxg4 28. g3 Bg5 29. Qd3 Rh6 30. Nc3 Kg7 31. Rb7 Rh8 32. Nd1 Qf6 33. Rb8 Qh6 34. Qc3 Nf6 35. Rxh8 Qxh8 36. Nf2 Qh7 37. Qd3 f3 38. Bd2 Bxd2 39. Qxd2 Nxe4 40. Nxe4 Qxe4 41. Qg5+ Kf7 42. Qd8 Qd4+ 43. Rf2 Bf5 44. Qg5 Bg6 45. h4 Rxa5 46. h5 Bb1 47. h6 Bg6 48. Qd8 Ra2 49. Qxc7+ Kf6 50. Qxd6+ Kg5 51. Qe7+ Kxh6 52. Qh4+ Kg7 53. Qe7+ Kg8 54. Qd8+ Kf7 55. Qd7+ Kf8 56. Qd8+ Kg7 57. Qe7+ Bf7 58. Qg5+ Kh7 59. Qh4+ Kg7 60. Qg5+ Bg6 61. Qe7+ Kg8 62. Qd8+ Kg7 1/2-1/2